000 00501nam a2200169 i 4500
001 134062
003 ES-MaACL
005 20230906194605.0
007 t|
008 070905s1977 sp ||||1| spa d
100 1 _aWarleta, José.
_9116103
245 1 0 _aAutogiro
_b: Juan de la Cierva y su obra /
_cJosé Warleta.
260 _aMadrid :
_bInstituto de España,
_c1977.
300 _aX, 340 p., 10 lám. ;
_c20 cm.
710 2 _aInstituto de España.
_94873
852 _aES-MaACL
_jL-227
_bR.100986
999 _c134062
_d134062